000 02013nam0a2200361 4500
001 RU\NLR\bibl\548894
005 20260407101928.0
010 _a5-85746-775-6
_9300
021 _aRU
_b2004-43745
_92169
035 _a(NLR Aleph) 000541082
090 _a1413303
_c1413303
100 _a20040903d2004 |||y0rusy50 ca
101 0 _arus
102 _aRU
105 _ay |||||||||
200 1 _aМаксим Горький и литературные искания ХХ столетия
_eМатериалы Междунар. конф.
_fГорьковские чтения, 2002 г.
_g[Обществ. редкол.: Г.С. Зайцева (отв. ред.) и др.]
210 _aН.Новгород
_cНижегор. ун-т
_d2004
215 _a669 с.
_d20
300 _aВ надзаг.: Ин-т мировой лит. им. А.М. Горького Рос. акад. наук, Горьк. комис. при Губернаторе Нижегор. обл., Нижегор. гос. ун-т им. Н.И. Лобачевского, Гос. музей А.М. Горького
320 _aБиблиогр. в примеч. в конце докл.
600 1 _aГорький
_bМ.
_f1868 - 1936
_gМаксим
_jСборники
_9896210
_3RU\NLR\auth\66325071
600 1 _aГорький
_bМ.
_f1868 - 1936
_gМаксим
_jСъезды, совещания и т.п.
_9896210
_3RU\NLR\auth\66325071
686 _aШ5(2=Р)7-4Горький.я431
702 1 _4570
_7ca
_8rus
_aГорький
_bМ.
_f1868-1936
_gМаксим
_9110200
_3RU\NLR\AUTH\77104
702 1 _4340
_7ca
_8rus
_aЗайцева
_bГ. С.
_cд-р филол. наук
_f1934-2019
_gГалина Сергеевна
_915824
_3RU\NLR\AUTH\7732816
711 1 2 _aГорьковские чтения
_eНижний Новгород
_f2002
_9614049
_3RU\NLR\AUTH\8810056616
801 0 _aRU
_bNLR
_c20040903
_gPSBO
801 1 _aRU
_bNLR
_c20040903
942 _cBOOK
980 _aNB